A ira dos anjos / (Record no. 431)

MARC details
000 -LÍDER
campo de controle de tamanho fixo 02753nam a22003017a 4500
001 - NÚMERO DE CONTROLE
campo de controle 431
003 - IDENTIFICADOR DO NÚMERO DE CONTROLE
campo de controle OSt
005 - DATA E HORÁRIO DA ÚLTIMA TRANSAÇÃO
campo de controle 20250625073119.0
008 - CAMPO DE DADOS FIXOS--INFORMAÇÃO GERAL
campo de controle de tamanho fixo 250624b |||||||e |||| 00| 1 eng d
040 ## - FONTE DA CATALOGAÇÃO
Idioma da catalogação por
041 ## - CÓDIGO DE IDIOMA
Código do idioma do original e/ou traduções intermediárias do texto eng
Código do idioma do texto/trilha sonora ou título diferente por
082 ## - CDD - CLASSIFICAÇÃO DECIMAL DE DEWEY
Número de Classificação 813
Número do exemplar S544i
100 1# - ENTRADA PRINCIPAL--NOME PESSOAL
Nome pessoal Sheldon, Sidney,
Datas associadas ao nome 1917-2007.
9 (RLIN) 871
240 ## - TÍTULO UNIFORME
Título uniforme Rage of Angels
245 ## - TÍTULO
Título A ira dos anjos /
Indicação de responsabilidade, etc. Sheldon, Sidney ; Tradução de : A.B. Pinheiro de Lemos
260 ## - PUBLICAÇÃO, DISTRIBUIÇÃO, ETC.
Local de publicação, distribuição, etc. São Paulo
Nome do editor, distribuidor, etc. Círculo do Livro
300 ## - DESCRIÇÃO FÍSICA
Extensão 456 p.
520 ## - NOTA DE RESUMO, ETC.
Resumo, etc. Jennifer Parker realiza seu sonho ao ingressar na equipe do Promotor Distrital de Manhattan, em Nova York. Sua carreira, no entanto, dura exatamente quatro horas - tempo que leva para cair em uma cilada, durante o primeiro julgamento do qual participa. Acusada de suborno, vê seus projetos irem por água abaixo: além do risco de ter a carteira de advogada cassada. Jennifer pode passar o resto de seus dias na cadeia. Assim começa a história de uma jovem bonita e inteligente e dos homens que influenciam sua vida, entre eles o íntegro Adam Warner, destinado a ser um líder de seu país, e Michael Moretti, um anjo das trevas que procura espalhar suas asas de terror sobre tudo e todos. Considerada por muitos como a mais extraordinária criação de Sidney Sheldon.<br/><br/>Uma década depois, um assassino perigoso está à solta nas ruas de Los Angeles. E já fez duas vítimas. Mas o único elo em comum entre elas é a psicóloga Nikki Roberts. Nikki ainda está muito abalada com a recente morte do marido. E sua vida sofre outra reviravolta quando uma de suas pacientes, Lisa Flannagan, e o rapaz que Nikki considerava como filho, Treyvon Raymond, são brutalmente assassinados. Mas, apenas quando sofre um atentado é que a psicóloga tem certeza de que ela é o verdadeiro alvo desse assassino impiedoso.<br/><br/>Atormentada por um acontecimento do passado e vendo a polícia em um beco sem saída, Nikki contrata o detetive particular Derek Williams, um homem que não tem medo de sujar as mãos. Ele trabalhara no caso de Charlotte Clancy, mas agora, anos depois, encontra nas anotações de Nikki Roberts um nome que chama sua atenção, e essa nova investigação o conduz a um caminho perigoso de volta ao passado. Numa cidade corrupta, onde não se sabe quem é inimigo e quem é amigo, Nikki Roberts precisa correr contra o tempo para descobrir a verdade por trás desses crimes antes que ela seja a próxima vítima.
650 #0 - ASSUNTO--TERMO TÓPICO
Cabeçalho tópico ou nome geográfico Literatura Americana
9 (RLIN) 84
650 #0 - ASSUNTO--TERMO TÓPICO
Cabeçalho tópico ou nome geográfico Suspense
9 (RLIN) 10
650 #0 - ASSUNTO--TERMO TÓPICO
Cabeçalho tópico ou nome geográfico Ambição e poder
9 (RLIN) 934
650 #0 - ASSUNTO--TERMO TÓPICO
Cabeçalho tópico ou nome geográfico Drama psicológico
9 (RLIN) 935
650 #0 - ASSUNTO--TERMO TÓPICO
Cabeçalho tópico ou nome geográfico Romance Policial
9 (RLIN) 11
655 #0 - TERMO DE ÍNDICE--GÊNERO E FORMA
Gênero/forma/ou termo foco Ficção
655 #0 - TERMO DE ÍNDICE--GÊNERO E FORMA
Gênero/forma/ou termo foco Romance
700 ## - ENTRADA ADICIONADA - NOME PESSOAL
Nome pessoal A. B. Pinheiro de Lemos
Função do autor por extenso Tradutor
9 (RLIN) 109
942 ## - ELEMENTOS DE ENTRADA ADICIONADOS (KOHA)
Fonte de classificação ou esquema de arquivamento Classificação decimal de Dewey
Ocultar no OPAC Não
Tipo de material Koha Livros
Holdings
Situação do descarte Situação das perdas Fonte de classificação ou esquema de arquivamento Status danificado Não pode ser emprestado Coleção Biblioteca de origem Biblioteca atual Localização na estante Data de aquisição Fonte de aquisição Total de empréstimos Número de chamada completo Código de barras Data de último acesso Data do preço efetivo Tipo de material Koha
    Classificação decimal de Dewey     Ficção Biblioteca Professor Eduardo Afonso de Castro Biblioteca Professor Eduardo Afonso de Castro Literatura Estrangeira 24.06.2025 doação   813 / S544i 2025-17362 24.06.2025 24.06.2025 Livros

Powered by Koha